| 000 | 00692nam a2200205Ia 4500 | ||
|---|---|---|---|
| 001 | 17185 | ||
| 003 | GE_BSU | ||
| 008 | 181216s||||||||xx |||||||||||||| ||und|| | ||
| 040 | _cGE_BSU | ||
| 080 | _a82-93:821.161.1-3 + 82-93:821.161.1-34 | ||
| 100 | _aჟიტკოვი, ბორის | ||
| 245 | _aრა ვნახე ; რატომელა | ||
| 245 | _cთარგ. კალისტრატე ფირცხალაიშვილმა | ||
| 260 | _aთბილისი | ||
| 260 | _bსაბლიტგამი | ||
| 260 | _c1950 | ||
| 300 | _a256გვ. : ილ. ; 28სმ.. | ||
| 653 | _aრა ვნახე ; რატომელა | ||
| 942 | _cBK | ||
| 999 |
_c50247 _d50247 |
||